000 00477nam a2200181Ia 4500
003 GCL
008 140319s9999 xx 000 0 eng d
040 _aGCL /
_cGCL
082 0 4 _a720.9
_bM H
100 1 _aMAREUX, JEAN-CHARLES
245 1 0 _aHISTOIRE DU L'ARCHITE CTURE /
_cMAREUX, JEAN-CHARLES
260 _a[S.N] :
_bPRESSES UNIVERSITAIRES DE FRANCE ،
_c1944
300 _a135 P
650 0 4 _aARTS
650 0 4 _aARCHITECTS
650 0 4 _aART, HISTORY
942 _2ddc
_cBK
999 _c19714
_d19714